Quiz o Ustrzykach Dolnych - Statystyki

Ogólne statystyki
  • Ten quiz został rozwiązany 208 razy
    204 od ostatniego zresetowania
  • Średni wynik to 8 z 15
Statystyki odpowiedzi
Pytanie Odpowiedź % Poprawnych
Jak nazywa się powiat, w którym leżą Ustrzyki Dolne? Bieszczadzki
83%
Jaki park narodowy znajduje się w okolicy Ustrzyk Dolnych? Bieszczadzki P.N.
83%
Do jakiego państwa należało miasto w latach 1944–1951? ZSRR
83%
Jakie państwo leży najbliżej tego miasta? Ukraina
81%
Jakie tablice rejestracyjne obowiązują w Ustrzykach Dolnych? RBI
70%
Jakie miasto na prawach powiatu leży najbliżej Ustrzyk Dolnych? Przemyśl
62%
W którym wieku miasto otrzymało prawa miejskie? XVIII
62%
W jakim województwie leżały w latach 1975–1998? W województwie {krośnieńskim}
55%
Jak nazywa się zespół punk-rockowy z Ustrzyk Dolnych, którego wokalistą i założycielem jest Eugeniusz "Siczka" Olejarczyk? KSU
47%
Jakie dwie gminy leżą w tym samym powiecie co Ustrzyki Dolne? Lutowiska
45%
Jak nazywa się klub piłkarski z Ustrzyk Dolnych? Bieszczady Ustrzyki Dolne
34%
Nad jaką rzeką leżą Ustrzyki Dolne? Strwiąż
30%
Jakie dwie gminy leżą w tym samym powiecie co Ustrzyki Dolne? Czarna
28%
Jakie ukraińskie miasto jest miastem partnerskim Ustrzyk Dolnych? Sambor
26%
Kto jest burmistrzem Ustrzyk Dolnych? Michał Wnuk
19%
Nie znaleziono quizów pasujących do podanych kryteriów
Rozkład punktacji
Procent ludzi z każdym wynikiem
Percentyl według liczby udzielonych odpowiedzi
Twoja historia wyników
Nie rozwiązałeś tego quizu od ostatniego zresetowania